Problemas del lenguaje cotidiano. Fascículo 1º (Recopilación de la serie homónima de microprogramas transmitidos por Radio Universidad de Costa Rica)

Gespeichert in:
Bibliographische Detailangaben
1. Verfasser: López Martín, Alfonso
Format: Buch
Sprache:Spanish
Veröffentlicht: San José, Costa Rica Universidad de Costa Rica 1979
Schlagworte:
Tags: Tag hinzufügen
Keine Tags, Fügen Sie den ersten Tag hinzu!

MARC

LEADER 00000nam a2200000Ia 4500
008 170316s9999 xx 000 0 spa d
040 |a cru BVZT 
090 |a 410 L-21p Nº1 
100 |a López Martín, Alfonso 
245 |a Problemas del lenguaje cotidiano. Fascículo 1º (Recopilación de la serie homónima de microprogramas transmitidos por Radio Universidad de Costa Rica) 
260 |a San José, Costa Rica 
260 |b Universidad de Costa Rica 
260 |c 1979 
300 |a 29 páginas. Fascículo 1 
650 0 |a LINGÜÍSTICA  |9 55 
650 |a PROBLEMA DEL LENGUAJE COTIDIANO 
999 |c 18529  |d 18529 
942 |c LIB  |h 410 L-21p Nº1  |2 z